Castles in the air / (Запис № 478823)

МАРК-запис
000 -LEADER
fixed length control field 01116cam a2200253Ii 4500
001 - CONTROL NUMBER
control field castlesinair00gall
003 - CONTROL NUMBER IDENTIFIER
control field CaSfIA
005 - DATE AND TIME OF LATEST TRANSACTION
control field 20210117222917.0
007 - PHYSICAL DESCRIPTION FIXED FIELD--GENERAL INFORMATION
fixed length control field cr||||
008 - FIXED-LENGTH DATA ELEMENTS--GENERAL INFORMATION
fixed length control field 760615s1976 nyu 000 1 eng d
040 ## - CATALOGING SOURCE
Original cataloging agency MNL
Transcribing agency MNL
Modifying agency OCLCQ
-- CaSfIA
020 ## - INTERNATIONAL STANDARD BOOK NUMBER
International Standard Book Number 0380005700 (pbk.) :
Terms of availability $1.95
020 ## - INTERNATIONAL STANDARD BOOK NUMBER
International Standard Book Number 9780380005703 (pbk.)
035 ## - SYSTEM CONTROL NUMBER
System control number (OCoLC)2229768
100 1# - MAIN ENTRY--PERSONAL NAME
Personal name Gallagher, Patricia.
245 10 - TITLE STATEMENT
Title Castles in the air /
Medium [electronic resource]
Statement of responsibility, etc Patricia Gallagher.
260 ## - PUBLICATION, DISTRIBUTION, ETC. (IMPRINT)
Place of publication, distribution, etc New York :
Name of publisher, distributor, etc Avon,
Date of publication, distribution, etc 1976.
300 ## - PHYSICAL DESCRIPTION
Extent 565 p. ;
Dimensions 18 cm.
506 ## - RESTRICTIONS ON ACCESS NOTE
Standardized terminology for access restriction Необхідна авторизація на https://archive.org/ (створення облікового запису безкоштовно)
506 ## - RESTRICTIONS ON ACCESS NOTE
Standardized terminology for access restriction Необхідна авторизація на https://openlibrary.org/ (створення облікового запису безкоштовно)
856 41 - ELECTRONIC LOCATION AND ACCESS
Uniform Resource Identifier <a href="http://www.archive.org/details/castlesinair00gall">http://www.archive.org/details/castlesinair00gall</a>
Public note Free eBook from the Internet Archive
856 42 - ELECTRONIC LOCATION AND ACCESS
Uniform Resource Identifier <a href="http://www.openlibrary.org/books/OL24202869M">http://www.openlibrary.org/books/OL24202869M</a>
Public note Additional information and access via Open Library
942 ## - ADDED ENTRY ELEMENTS (KOHA)
Koha item type ЕКнига

Немає доступних примірників.